000 00334nam a2200145Ia 4500
003 OSt
005 20240229102136.0
008 170523s9999 xx 000 0 und d
020 _a978-0877095248
040 _ciimt
100 _aMORTIN
245 0 _aPRODUCTION OPERATION MANAGEMENT
260 _bTHOMSON ,,,VIKAS
942 _2ddc
_c01
999 _c1889
_d1889